000 00375pam a2200157a 44500
008 230515b1905 xxu||||| |||| 00| 0 eng d
020 _aNULL
041 _aSANSKRIT
082 _a1
100 _aMAHADEV APATE
245 _aANANDASRAM SANSKRIT GRANTHAWALI-19
250 _a1
260 _aNA
_bN.D.
_c1905
300 _a100
650 _aANANDASRAM SANSKRIT GRANTHAWALI-19
999 _c496939
_d496939